• 首页
  • 本馆介绍
  • 公告通知
  • 最新文献
  • 馆藏检索
  • 电子资源
  • 读者导购
  • 参考咨询
  • 我的图书馆
  • 登录
  • 详细信息显示
  • 放入我的书架
  • 预约/预借图书
  • 作者相关作品
  • 分类相关作品
  • 丛书相关作品
  • 出版社相关作品

书目信息

  • 表格格式
  • 工作单格式
  • 卡片格式
题名:
当代中国的粮食工作
    
 
作者: 《当代中国》丛书编辑部
分册:  
出版信息: 北京   中国社会科学出版社  1988.02
页数: 619页
开本: 20cm
丛书名:
单 册:
中图分类: Z121.7
科图分类:
主题词: 丛书--中国--现代
电子资源:
ISBN: 7-5004-0315-1
000 00617nam0 2200193 45
001 0504281670
005 20050510082514.9
010    @a7-5004-0315-1@dCNY8.80
100    @a20050428d1988 km y0chiy0120 ea
101 0  @achi
105    @a z 000yy
200 1  @a当代中国的粮食工作@ADang Dai Zhong Guo De Liang Shi Gong Zuo@f《当代中国》丛书编辑部@F《Dang Dai Zhong Guo》Cong Shu Bian Ji Bu
210    @a北京@c中国社会科学出版社@d1988.02
215    @a619页@d20cm
606 0  @a丛书@y中国@z现代
690    @aZ121.7@v3
701  0 @a《当代中国》丛书编辑部
801    @aCN@bTSTCL@c20050428
905    @f1@b253659@dZ121.7@e34:14
    
    当代中国的粮食工作/《当代中国》丛书编辑部.-北京:中国社会科学出版社,1988.02
    619页;20cm
    
    
    ISBN 7-5004-0315-1:CNY8.80
    
●
相关链接 在E读中查询图书 在五车中查询图书 在当当中查询图书 在豆瓣中查询图书


正题名:当代中国的粮食工作     索取号:Z121.7/34:14         预约/预借

序号 登录号 条形码 馆藏地/架位号 状态 备注
1 0253659   001562801   第三借阅区/ [索取号:Z121.7/34:14] 在馆    
2 0253660   001562794   第二样本阅览室/ [索取号:Z121.7/34:14] 在馆    
唐山师范学院图书馆 欢迎您!
大连网信软件有限公司© 版权所有